01447cam a22003134i 4500003000900000005001700009008004100026020001500067035002700082040003300109082002100142100002900163245004100192264005200233300003800285336002100323337002500344338002300369490005000392505052300442526000900965526000900974526000800983526000800991526000800999650004801007650002701055650005101082PE-LiUPU20250731183444.0150616s r 000 0 d a0521376246 a(Sirsi) i9780521376242 aPE-LiUPUbspacPE-LiUPUerda04a780.901bM122211 aMcKinnon, James,eautor.10aMusic in Early Christian Literature. 1aCambridge :bCambridge University Press,c1993. a180 páginas ;c23 centímetros atext2rdacontent aunmediated2rdamedia avolume2rdacarrier0 aCambridge readings in the literature of music0 aThe New Testament -- The Christian literature of the first and second centuries -- The greek authors of the third century -- Western authors of the third and early fourth centuries: Carthage and Rome -- Fourth-century Alexandria and desert monasticism -- Fourth-century Asia Minor: the cappadocians -- Palestine, Antioch and Syria -- The greek historians -- The apostolic constitutions, Egeria, and the eastern councils -- Western authors of the fourth and early fifth centuries -- Augustine and minor western authors. aP158 aP146 aP17 aP12 aP0604aMúsica en la iglesiayHacia 500xFuentes.04aMúsica y literatura.04aMúsicayHacia 500xFilosofía y estética.